00850nac a22002411u 4500010001600000020002200016020004200038020004200080020004100122082001500163090001500178100003400193245005400227250001200281260004300293300004700336504005100383650002000434700002000454942001700474999001500491952010200506 a 92009921 a0393963071 (text) a0393963608 (IBM 5 1/4" disk and text) a0393963616 (IBM 3 1/2" disk and text) a0393963624 (Macintosh disk and text)00a339bH1741 c4588d4588 aHall, Robert Ernest, 10aMacroeconomics /cRobert E. Hall, John B. Taylor. a4th ed. aNew York :bW.W. Norton,c1993.cc1993. axxvi, 637 p. :bill. (some col.) ;c25 cm. aIncludes bibliographical references and index. 0aMacroeconomics.1 aTaylor, John B. cBBk339H1741 c4588d4588 00104070aMAINbMAINc1STd2011-09-07ePurchasel0o339 HALp000005726r2025-07-15 00:00:00yBB